Network Analysis and Troubleshooting /

Guardado en:
Bibliografiske detaljer
Hovedforfatter: Haugdahl, J. Scott (autor)
Format: Bog
Sprog:engelsk
Udgivet: Boston, EUA : Addison-Wesley, 2000, c2000
Fag:
Tags: Tilføj Tag
Ingen Tags, Vær først til at tagge denne postø!

MARC

LEADER 00000nam^a2200000^a^4500
001 000136802
005 20250521000000.0
009 20260310095333.073
020 |a 0-201-43319-2 
037 |a Acervo ITESO - Biblioteca 
041 |a ING 
082 |a 621. 38217  |b HAU 
100 |a Haugdahl, J. Scott  |e (autor) 
245 1 0 |a Network Analysis and Troubleshooting /  |c J.S. Haugdahl. 
264 4 |a Boston, EUA :  |b Addison-Wesley,  |c 2000, c2000 
300 |a XI, 357 p. +  |e 1 disco compacto de computadora 
336 |a texto  |b txt  |2 rdacontenido 
337 |a sin mediación  |b n  |2 rdamedio 
338 |a volumen  |b nc  |2 rdasoporte 
649 |a XX 
650 |a Protocolos de Comunicación 
650 |a Redes de Computadoras -  |x Mantenimiento y Reparación -  |x Tema Principal 
650 |a Redes de Computadoras -  |x Administración -  |x Tema Principal 
650 |a Comunicación en Red 
650 |a Sistemas de Telecomunicación 
650 |a Telecomunicaciones 
650 |a Ingeniería Computacional 
910 |a Fondo General 
920 |a Impresos - Libros 
930 |a Colección General 
905 |a 101 
901 |a 0500065412  |b IT1  |c ACC  |u 20250521 
901 |a 0500184156  |b IT2  |c SWS  |u 20250521 
902 |a https://opac.biblio.iteso.mx/vufind/Record/000136802